| 000 -CABECERA |
| fixed length control field |
01041nam a22002417a 4500 |
| 003 - IDENTIFICADOR DEL NÚMERO DE CONTROL |
| control field |
AR-CdUCM |
| 008 - DATOS DE LONGITUD FIJA--INFORMACIÓN GENERAL |
| fixed length control field |
190319b ||||| |||| 00| 0 spa d |
| 040 ## - FUENTE DE LA CATALOGACIÓN |
| Agencia/entidad que catalogó originalmente la obra |
MUNICIPALIDAD PROVINCIAL DEL CUSCO |
| Entidad que transcribió la catalogación |
BIBLIOTECA MUNICIPAL DEL CUSCO |
| 082 ## - NÚMERO DE LA CLASIFICACIÓN DECIMAL DEWEY |
| No. de Clasificación |
628.53 / |
| Notacion interna |
R84 |
| 100 ## - ENTRADA PRINCIPAL--NOMBRE DE PERSONA |
| Nombre Personal |
Ross, R. D. |
| 245 ## - MENCIÓN DE TÍTULO |
| Título |
La industria y la contaminación del aire / |
| 260 ## - PUBLICACIÓN, DISTRIBUCIÓN, ETC. |
| Lugar de publicación, distribución, etc. |
México, D. F. : |
| Nombre de la editorial, distribuidor, etc. |
Diana, |
| Fecha de publicación, distribución, etc. |
1975. |
| 300 ## - DESCRIPCIÓN FÍSICA |
| Nº de Páginas Extensión |
539 páginas ; |
| Otros detalles físicos |
Ilustraciones, |
| Dimensiones |
23 cm. |
| 505 ## - NOTA DE CONTENIDO CON FORMATO |
| Nota de contenido formateada |
Que es la contaminación del aire -- Fuentes de contaminación del aire -- Efectos de la contaminación del aire en el ambiente -- Las implicaciones socio económicas -- Tendencias legislativas y reglamentaria relativas al control y a ala prevención de la contaminación del aire ... |
| 650 ## - PUNTO DE ACCESO ADICIONAL DE MATERIA--TÉRMINO DE MATERIA |
| Descriptor |
Contaminación |
| 9 (RLIN) |
8804 |
| 650 ## - PUNTO DE ACCESO ADICIONAL DE MATERIA--TÉRMINO DE MATERIA |
| Descriptor |
Aire |
| 9 (RLIN) |
15839 |
| 650 ## - PUNTO DE ACCESO ADICIONAL DE MATERIA--TÉRMINO DE MATERIA |
| Descriptor |
Ecología humana |
| 9 (RLIN) |
14285 |
| 700 ## - PUNTO DE ACCESO ADICIONAL--NOMBRE DE PERSONA |
| Nombre Personal |
Flower, Franklin B. |
| 9 (RLIN) |
19524 |
| 700 ## - PUNTO DE ACCESO ADICIONAL--NOMBRE DE PERSONA |
| Nombre Personal |
Grundy, Ricahard D. |
| 9 (RLIN) |
19525 |
| 942 ## - ELEMENTOS DE PUNTO DE ACCESO ADICIONAL (KOHA) |
| Fuente de clasificación |
|
| Tipo de item |
Libros-BMC |
| 945 ## - PROCESAMIENTO DE INFORMACIÓN LOCAL (OCLC) |
| Catalogador |
acv |